| 000 | 01498cam a2200301 i 4500 | ||
|---|---|---|---|
| 001 | 17721259 | ||
| 005 | 20230130122328.0 | ||
| 008 | 130502s2013 enka b 001 0 eng | ||
| 010 | _a 2013016549 | ||
| 020 | _a9781137273116 | ||
| 040 |
_aDLC _beng _cDLC _erda _dDLC |
||
| 042 | _apcc | ||
| 082 | 0 | 0 |
_a808.027,PEA _223 |
| 100 | 1 |
_aPears, Richard. _9108029 |
|
| 245 | 1 | 0 |
_aCite them right : _bthe essential referencing guide / _cRichard Pears, Graham Shields. |
| 250 | _a10th Edition. | ||
| 264 | 1 |
_aHoundmills, Basingstoke, Hampshire : _bPalgrave Macmillan, _c[2016] |
|
| 300 |
_axix, 169 pages : _bcolor illustrations ; _c25 cm. |
||
| 336 |
_atext _2rdacontent |
||
| 337 |
_aunmediated _2rdamedia |
||
| 338 |
_avolume _2rdacarrier |
||
| 505 | _aWhat is referencing? (Page-1), How to cite (Page-6), How to quote, paraphrase and summaries (Page-9), How to reference (Page-12), Harvard reference style (Page-22), APA referencing style (Page-91), Chicago referencing style (Page-109), MHRA referencing style (Page-121), MLA referencing style (Page-131), OSCOLA referencing style (Page-143), Vancouver referencing style (Page-153). | ||
| 650 | 0 |
_aBibliographical citations. _9108030 |
|
| 700 | 1 |
_aShields, Graham J. _eauthor. _9108031 |
|
| 906 |
_a7 _bcbc _corignew _d1 _eecip _f20 _gy-gencatlg |
||
| 942 |
_2ddc _cBK _k808.027,PEA |
||
| 999 |
_c593048 _d593048 |
||